| 000 | 01376nam a2200361 c 4500 | ||
|---|---|---|---|
| 999 |
_c444382 _d444382 |
||
| 003 | BLK | ||
| 005 | 20220209161306.0 | ||
| 008 | 200311b bul|||||r ||||||| ||bul|| | ||
| 010 | _aKNG00064400RET | ||
| 040 | _aBLK | ||
| 041 |
_aFRE _cFRE |
||
| 080 |
_aФренски език - учебни предмети _b373.3.016:811.133.1 _z373.3.016:811.133.1 |
||
| 139 | _aСборник четива за извънкласно четене по френски език | ||
| 245 | 1 | 0 |
_aСборник четива за извънкласно четене по френски език _bЗа VIII и IX кл. _cсъстав. Лиза Якова, Люба Лукова |
| 250 | _a2. доп. изд | ||
| 257 | _aBGR | ||
| 260 |
_aСофия _bНар. просв. _c1956 |
||
| 300 |
_a82 с. с. _c18 см _b ил. |
||
| 380 | _a3 | ||
| 500 | _aКор. загл. Lectures choisies. 4 000 тир. 1.40 лв. | ||
| 650 | 4 |
_aФренски език - Христоматия _9419348 |
|
| 653 | 7 |
_aфренски език _9199581 |
|
| 700 |
_aЯкова, Лиза _eсъстав. _9419397 |
||
| 700 |
_aЛукова, Люба _eсъстав. _9419398 |
||
| 852 |
_aЦб I 1718 _bО |
||
| 856 | 4 |
_qpdf _u |
|
| 856 | 4 |
_qpdf _u |
|
| 942 |
_cKNG _n0 _s1 |
||
| 944 |
_aCR _c2022-02-09 _kХристина Везирева |
||
| 999 | _d376180 | ||
| 999 | _d376180 | ||
| 999 | _d398898 | ||